000 01081nam a22003017a 4500
003 OSt
005 20230424124305.0
008 221006b |||||||| |||| 00| 0 eng d
040 _cBiblioteca Lado V
082 _a700
_bZ39a
100 _985
_aZaya, Octavio
_eeditor
_edirector
245 _aAtalantica/
_bHomenaje para Antonio Zaya/
260 _bCentro Atlantico de Arte Moderno
_c2007
_aEspaña
300 _c21x27cm
_a122p.
366 _efre
366 _eeng
490 _v2007
_x1132-8428
_a44
650 _2Tesauro de Arte & Arquitectura
_aARTE
_9703
650 _2Tesauro de Arte & Arquitectura
_aEXPOSICIONES
650 _2Tesauro de Arte & Arquitectura
_aCULTURA
650 _2Tesauro de Arte & Arquitectura
_aAPRECIACION
650 _2Tesauro de Arte & Arquitectura
_aTEORIA
650 _2Tesauro de Arte & Arquitectura
_aCRITICA
650 _2Tesauro de Arte & Arquitectura
_aFOTOGRAFIA
_9702
650 _2Tesauro de Arte & Arquitectura
_aLITERATURA
650 _2Tesauro de Arte & Arquitectura
_aESPAÑA
942 _2ddc
_c1
_h700
_iZ39a
_n0
999 _c3468
_d3468